Регионална библиотека "Любен Каравелов" - Русе

Аз съм композитор (Запис номер 51172)

MARC детайли
000 -Лидер
Контролно поле с фиксирана дължина 01609nam a2200409 c 4500
003 - Код на организацията, давaща контролен номер
Контролно поле BLK
005 - Дата и час на последна редакция
Контролно поле 20241004152808.0
008 - Елементи от данни с фиксирана дължина
fixed length control field 180408b bul|||||r ||||||| ||bul||
010 ## - Наследен системен номер
LC control number KNG00055073000
040 ## - Източник на каталожния запис
Идентификатор на билиотеката - собственик на записа BLK
041 ## - Код за език
Код за езика на текст/звукозапис или на отделно заглавие Български
Код за езика КДБФ Български
080 ## - УДК
Текстов определител УДК Музиканти-творци, композитори
УДК код - определител по УДК 78.071.1
УДК определител (44)(092)
УДК - код + определител 78.071.1(44)(092)
080 ## - УДК
Текстов определител УДК Швейцарски композитор (1892-1955)
УДК код - определител по УДК 929 Онегер, Артур
УДК - код + определител 929 Онегер, Артур
100 ## - Редна дума - Автор
Автор Онегер, Артур
Дати, свързани с автора 1892 - 1955
R(LIN) 283549
139 ## - Редно поле
Редна дума Онегер, Артур
Авторски знак Оне - О 58
245 10 - Сведения за заглавието
Заглавие Аз съм композитор
Редно поле (дума) Артур Онегер; прев. от фр. Лиляна Дренска.
257 ## - Страна на издаване
Страна на създаване/издаване Франция
260 ## - Област на издателските данни
Място на издаване, разпространение и проч. София
Име на издателя, разпространителя и проч. Наука и изкуство
Година на издаване 1967
300 ## - Физическа характеристика
Страници 108 с.
Илюстрации и др. с ноти
Размери/Мащаб 20 см
380 ## - Жанр
Жанр Изкуство
600 #0 - Име на лице, използвано като предмет
За него / За нея Онегер, Артур
Свързани дати 1892 - 1955
9 (RLIN) 283549
650 #4 - Допълнително описание по предмет – тема
Основно описание – тема или топоним Композитори - биографии
9 (RLIN) 246095
650 #4 - Допълнително описание по предмет – тема
Основно описание – тема или топоним Композитори, френски
9 (RLIN) 256945
650 #4 - Допълнително описание по предмет – тема
Основно описание – тема или топоним Онегер, Артур
9 (RLIN) 368582
651 #4 - Допълнително описание по предмет - топоним
Географско понятие Франция
9 (RLIN) 179722
651 #4 - Допълнително описание по предмет - топоним
Географско понятие Швейцария
9 (RLIN) 179801
653 ## - Ключова дума – ненормативна
Ключова дума композитори
653 ## - Ключова дума – ненормативна
Ключова дума автобиографии
653 ## - Ключова дума – ненормативна
Ключова дума Франция
653 ## - Ключова дума – ненормативна
Ключова дума Артур Онегер
700 1# - Други автори (авторска отговорност)
Лично име Дренска, Лиляна
Автороска отговорност (Описва отношението между автора и произведението) прев. от фр.
9 (RLIN) 283656
852 ## - Местоположение
Форматна сигнатура Цб 41196
Фондова буква Хранилище
999 ## - СИСТЕМНИ КОНТРОЛНИ НОМЕРА
Koha biblionumber 51172
Koha biblioitemnumber 51172
942 ## - АРТИКУЛИ
Вид на библиотечния материал Книги
Скрит в OPAC Не
Периодичен библиозапис Да
944 ## - СЪЗДАВАНЕ И РЕДАКЦИЯ на ЗАПИСА
Създаване/Редакция Създаване
Дата на регистрацията/редакция 15.06.2011
Статус, дата на статуса Геновева Генчева
Служител, извършил регистрацията/редакцията 30560
944 ## - СЪЗДАВАНЕ И РЕДАКЦИЯ на ЗАПИСА
Създаване/Редакция Редакция
Дата на регистрацията/редакция 2022-06-07
Статус, дата на статуса 2022-06-07
Служител, извършил регистрацията/редакцията СТ
999 ## - СИСТЕМНИ КОНТРОЛНИ НОМЕРА
Koha biblioitemnumber 51172
Наличности
Код за отписване Код за изгубен артикул Източник на класификационната схема Код за повреда Коз за рестрикции Код за отдаване Артикулен № Име на библиотеката - собственик Име на библиотеката, в която се намира в момента Статус (Текущо местоположение) Дата на вписване в системата Местоположение - отдел Цена в лева Инвентарен номер Систематично азбучна сигнатура Баркод Номер на екземпляра Цена в евро Служебна бележка Служебен тип на артикула
Изтеглен Не е изгубен Universal Decimal Classification Не е повреден без рестрикции заемане за дома 80517 Регионална библиотека "Любен Каравелов" Русе Регионална библиотека "Любен Каравелов" Русе Отдел Изкуство - подръчен фонд 1967-01-01 Отдел Изкуство - подръчен фонд 0.00 6963/67 78.071.1(092)/О 58 6963/67 1 0.00 N: стар фонд Дата: 01.01.1967 Дата инв: 20.06.2012 Бележки инв: * Книги
Изтеглен Не е изгубен Universal Decimal Classification Не е повреден без рестрикции заемане за дома 80518 Регионална библиотека "Любен Каравелов" Русе Регионална библиотека "Любен Каравелов" Русе Отдел Изкуство - подръчен фонд 1967-01-01 Отдел Изкуство - подръчен фонд 0.00 6962/67 78.071.1(092)/О 58 6962/67 2 0.00 Дост: Pk Вид: Ф N: стар фонд Дата: 01.01.1967 Дата инв: 03.04.2017 Бележки инв: ИП2017 Книги
  Не е изгубен Universal Decimal Classification Не е повреден без рестрикции заемане за дома 80519 Регионална библиотека "Любен Каравелов" Русе Регионална библиотека "Любен Каравелов" Русе Отдел Изкуство - подръчен фонд 1967-01-01 Отдел Изкуство - подръчен фонд 0.31 7124/67 78.071.1(092)/О 58 900000003026 3 0.16 Дост: Pk Вид: Ф N: стар фонд Дата: 01.01.1967 Дата инв: 03.04.2017 Бележки инв: ИП2017 Книги
  Не е изгубен Universal Decimal Classification Не е повреден без рестрикции ползва се в читалня 80520 Регионална библиотека "Любен Каравелов" Русе Регионална библиотека "Любен Каравелов" Русе Хранилище 1967-01-01 Хранилище 0.31 6838/67 Цб 41196 900000099810 4 0.16 Дост: Dp Вид: Д N: сф Дата: 01.01.1967 Книги
Vip Innovations Ltd, Rousse, Bulgaria 2025